000 00279nam a2200109Ia 4500
008 200302s9999 xx 000 0 und d
100 _aJosef Feller
245 _aTraditional Ironwork Designs
260 _bDover Publication Inc mineola /New York
260 _c2005
300 _a91 P
999 _c4324
_d4324